Statistics for The Office Characters by Episodes

Click here to take the quiz!

General Stats

  • This quiz has been taken 1,071 times
    (1,040 since last reset)
  • The average score is 31 of 50

Answer Stats

HintAnswer% Correct
188 Episodes (S1-9)Dwight Schrute
100%
188 Episodes (S1-9)Jim Halpert
100%
184 Episodes (S1-9)Pam Beesly
100%
188 Episodes (S1-9)Angela Martin
99%
139 Episodes (S1-7,9)Michael Scott
98%
152 Episodes (S3-9)Andy Bernard
97%
188 Episodes (S1-9)Kevin Malone
97%
177 Episodes (S1-9)Oscar Martinez
97%
161 Episodes (S1-9)Kelly Kapoor
96%
188 Episodes (S1-9)Phyllis Vance
96%
188 Episodes (S1-9)Stanley Hudson
96%
180 Episodes (S1-9)Creed Bratton
95%
168 Episodes (S1-9)Ryan Howard
95%
187 Episodes (S1-9)Meredith Palmer
93%
102 Episodes (S5-9)Erin Hannon
92%
43 Episodes (S1-7,9)Jan Levinson
92%
141 Episodes (S1-9)Toby Flenderson
92%
17 Episodes (S4-5,7)Holly Flax
89%
37 Episodes (S2-9)David Wallace
88%
120 Episodes (S1-9)Darryl Philbin
87%
27 Episodes (S3-7)Karen Filippelli
84%
25 Episodes (S7-8)Robert California
84%
8 Episodes (S6-7)Jo Bennet
80%
51 Episodes (S6-9)Gabe Lewis
79%
32 Episodes (S1-3,5-9)Roy Anderson
78%
21 Episodes (S9)Pete Miller
67%
25 Episodes (S2-7,9)Bob Vance
66%
16 Episodes (S2-3,6-9)Todd Packer
66%
34 Episodes (S7-9)Nellie Betram
63%
19 Episodes (S9)Clark
60%
13 Episodes (S3-9)Mose
59%
7 Episodes (S5)Charles Miner
52%
7 Episodes (S2-3,7)Carol Stills
50%
14 Episodes (S8-9)Val
42%
9 Episodes (S6-7,9)Helene
39%
19 Episodes (S7-9)Nate
37%
22 Episodes (S2,4-9)Hank
36%
12 Episodes (S8)Cathy
33%
14 Episodes (S7-9)State Senator Robert Lipton
33%
8 Episodes (S2-3)Josh Porter
31%
5 Episodes (S6-7)Donna
25%
7 Episodes (S1-3,5-7)Madge
20%
5 Episodes (S9)Brian
17%
6 Episodes (S3)Hannah Smotridge-Barr
13%
5 Episodes (S4,6)Nick
10%
15 Episodes (S5-9)Glenn
9%
8 Episodes (S6-9)Hidetoshi
5%
6 Episodes (S9)Colin
2%
5 Episodes (S2,4-5,7)Gino
2%
6 Episodes (S3,5-9)Justin Spitzer
2%

Score Distribution

Percentile by Number Answered

Percent of People with Each Score

Your Score History

You have not taken this quiz since the last reset